000 01112nam a2200277 a 4500
001 BRCA_3994
005 20190320204515.0
008 150110s1966----nyua######---#000-0#eng-#
041 _aeng
044 _anyu
050 4 _aN5220
_b.C65 1966
245 1 0 _aThe Collection of Twentieth Century Paintings and Sculptures
_bformed by the late G. David Thompson of Pittsburgh, Pennsylvania : public auction, Wednesday and Thursday, March 23 and 24 at 5:30 p.m.
260 _aNueva York
_bParke-Bernet Galleries, Inc.
_c1966
300 _a213 p.
_bil. (algunas a color), 113 láminas
_c27 cm.
500 _aCatálogo de subasta inventariado por Banco de México como libro
500 _aCEF2
650 1 4 _aArte
_xColecciones particulares
_97906
650 1 4 _aPinturas
_xColecciones particulares
_910387
650 1 4 _aEscultura
_xColecciones particulares
_910388
650 1 4 _aGalerías y museos
_vSubastas
_zEstados Unidos
_910389
650 1 4 _aPintura moderna
_ySiglo XX
_92281
700 1 _aThompson, George David
_910390
710 2 _aParke-Bernet Galleries (Nueva York)
_910391
902 _aGFM
942 _2lcc
_cB
999 _c3720
_d3720